Normal view
MARC view
- Murtaza Farooq, Zaeem Usman, Muhammad Fahad Aziz
Entry Personal Name
001 - CONTROL NUMBER
- control field: 3989
003 - CONTROL NUMBER IDENTIFIER
- control field: NUST
005 - DATE AND TIME OF LATEST TRANSACTION
- control field: 20170823120412.0
008 - FIXED-LENGTH DATA ELEMENTS
- fixed length control field: 170823|| aca||aabn | a|a d
040 ## - CATALOGING SOURCE
- Original cataloging agency: NUST
- Transcribing agency: NUST
100 ## - HEADING--PERSONAL NAME
- Personal name: Murtaza Farooq, Zaeem Usman, Muhammad Fahad Aziz
670 ## - SOURCE DATA FOUND
- Source citation: Work cat.: (NUST): Murtaza Farooq, Zaeem Usman, Muhammad Fahad Aziz, FITSYM-A Smart wearable for fitness tracking, 2017
